Tesny vrata tvoi : roman, rasskazy /

Bibliographic Details
Main Author: Khaindrava, Levan
Format: Book
Language:Russian
Published: Tbilisi : Merani, 1985.

MARC

Tag First Indicator Second Indicator Subfields
LEADER 00000cam a2200000Ia 4500
001 in00002000805
005 20151031123724.0
008 890123s1985 gs c 000 1 rusod
020 |c 1.20rub 
035 |a (OCoLC)ocm19049810 
040 |a IUL  |c IUL  |d TXA  |d UtOrBLW 
049 |a TXAM 
090 |a PG3482.6.H218  |b T4 1985 
100 1 |a Khaindrava, Levan. 
245 1 0 |a Tesny vrata tvoi :  |b roman, rasskazy /  |c Levan Khaindrava. 
264 1 |a Tbilisi :  |b Merani,  |c 1985. 
300 |a 340 pages :  |b portrait ;  |c 20 cm. 
336 |a text  |b txt  |2 rdacontent 
337 |a unmediated  |b n  |2 rdamedia 
338 |a volume  |b nc  |2 rdacarrier 
948 |a cataloged  |b h  |c 2004/10/18  |d c  |e tchubaryan  |f 12:41:06 pm 
994 |a E0  |b TXA 
999 |a MARS 
999 f f |s c173ef96-0a72-3b95-949b-5f4e27f453a2  |i 55cff4d9-24ae-3944-8896-5eb9b21cb444  |t 0 
952 f f |p ric  |a Texas A&M University  |b Rellis Campus  |c Joint Library Facility  |d Remote Storage  |t 0  |e PG3482.6.H218 T4 1985  |h Library of Congress classification  |i unmediated -- volume  |m A14831360066 
998 f f |a PG3482.6.H218 T4 1985  |t 0  |l Remote Storage